LEADER 01403nam--2200469---450 001 990000831290203316 005 20180308150900.0 010 $a88-7835-043-5 035 $a0083129 035 $aUSA010083129 035 $a(ALEPH)000083129USA01 035 $a0083129 100 $a20020102d1990----km-y0ENGy0103----ba 101 $aita 102 $aIT 200 1 $aLez Regia$ediritto, filologia e fides historica nella cultura politico-filosofica dell'Olanda di fine Seicento$fFabrizio Lomonaco 210 $aNapoli$cGuida$d1990 215 $a330 p.$d22 cm 225 2 $aStudi vichiani$v19 410 $12001$aStudi vichiani$v19 606 $aOlanda$xCiltura$zSec. 17 676 $a949.203 700 1$aLOMONACO,$bFabrizio$04815 801 0$aIT$bsalbc$gISBD 912 $a990000831290203316 951 $aII.1 Coll.84/ 19(IV C COLL. 48 19)$b136614 LM$cIV C 951 $aIV C COLL. 48 19$b74324 EC$cIV C 951 $aCC 199.492 LOM$b798 FIL 959 $aBK 969 $aECO 969 $aUMA 969 $aFIL 979 $aPATTY$b90$c20020102$lUSA01$h1506 979 $c20020403$lUSA01$h1729 979 $aPATRY$b90$c20040406$lUSA01$h1657 979 $aCOPAT3$b90$c20050609$lUSA01$h1234 979 $c20121027$lUSA01$h1545 979 $c20121027$lUSA01$h1604 979 $c20121027$lUSA01$h1610 996 $aLez Regia$9967467 997 $aUNISA DEB $aSA0001538 LEADER 01507nam 2200385 n 450 001 996390543103316 005 20200824120923.0 035 $a(CKB)4940000000101946 035 $a(EEBO)2240892818 035 $a(UnM)99840304e 035 $a(UnM)99840304 035 $a(EXLCZ)994940000000101946 100 $a19910208d1613 uy | 101 0 $aeng 135 $aurbn||||a|bb| 200 10$aLamentable newes, shewing the wonderfull deliuerance of Maister Edmond Pet sayler$b[electronic resource] $eand maister of a ship, dwelling in Seething Lane in London, neere Barking church. With other strange things lately hapned concerning these great windes and tempestuous weather, both at sea and lande 210 $aImprinted at London $cBy T. C[reede] for William Barley, dwelling ouer against Cree-church, neere Algate$d1613 215 $a[8] p 300 $aPrinter's name from STC. 300 $aWith woodcut title vignette. 300 $aRunning title reads: Great losses by sea and land. 300 $aSignatures: A?. 300 $aSome print show-through. 300 $aReproduction of the original in the British Library. 330 $aeebo-0018 606 $aStorms$zEngland$vEarly works to 1800 615 0$aStorms 801 0$bCu-RivES 801 1$bCu-RivES 801 2$bCStRLIN 801 2$bWaOLN 906 $aBOOK 912 $a996390543103316 996 $aLamentable newes, shewing the wonderfull deliuerance of Maister Edmond Pet sayler$92328702 997 $aUNISA